ბათუმის შოთა რუსთაველის სახელმწიფო უნივერსიტეტის ბიბლიოთეკა

ადრეული და სკოლამდელი აღზრდისა და განათლების სახელმწიფო სტანდარტები / Unicef for every child (ბიბ.ჩანაწერი № 57086)

000 -ლიდერი
ფიქსირებული სიგრძის საკონტროლო ველი 01348nam a22002057a 4500
003 - საკონტროლო ნომრის იდენტიფიკატორი
საკონტროლო ველი Ge_BSU
005 - ბოლო ოპერაციის თარიღი და დრო
საკონტროლო ველი 20191114113433.0
008 - ფიქსირებული სიგრძის მონაცემთა ელემენტები - ზოგადი ინფორმაცია
ფიქსირებული სიგრძის საკონტროლო ველი 191114s2018 ge ||||| |||| 00| 0 geo d
041 ## - ენის კოდი
Language code of text/sound track or separate title geo
080 ## - უნივერსალური ათობითი კლასიფიკაციის ინდექსი
Universal Decimal Classification number 372.3 ა-28
245 ## - ცნობა სათაურის შესახებ
Title ადრეული და სკოლამდელი აღზრდისა და განათლების სახელმწიფო სტანდარტები / Unicef for every child
264 ## - წარმოების, გამოცემის, დისტრიბუციის და სხვა ცნობები
გამოცემის, წარმოების, დისტრიბუციის... ადგილი თბილისი,
გამოცემის, წარმოების, დისტრიბუციის... თარიღი 2018.
300 ## - ფიზიკური აღწერა
Extent 34 გვ.:
Dimensions 29 სმ.
653 ## - INDEX TERM--UNCONTROLLED
Uncontrolled term სკოლამდელი განათლება
653 ## - INDEX TERM--UNCONTROLLED
Uncontrolled term განათლება
653 ## - INDEX TERM--UNCONTROLLED
Uncontrolled term აღმზრდელ-პედაგოგის პროფესიული სტანდარტი
710 ## - ADDED ENTRY--CORPORATE NAME
Relator term გაეროს ბავშთა ფონდი და განათლებისა და მეცნიერების სამინისტრო
9 (RLIN) 5327
856 ## - ELECTRONIC LOCATION AND ACCESS
Uniform Resource Identifier https://www.unicef.org/georgia/media/1956/file/%E1%83%90%E1%83%93%E1%83%A0%E1%83%94%E1%83%A3%E1%83%9A%E1%83%98%20%E1%83%92%E1%83%90%E1%83%9C%E1%83%90%E1%83%97%E1%83%9A%E1%83%94%E1%83%91%E1%83%98%E1%83%A1%20%E1%83%A1%E1%83%A2%E1%83%90%E1%83%9C%E1%83%93%E1%83%90%E1%83%A0%E1%83%A2%E1%83%98.pdf
Link text ელექტრონული ვერსია
942 ## - ADDED ENTRY ELEMENTS (KOHA)
Source of classification or shelving scheme
Koha item type წიგნი
ეგზემპლარები
ჩამოწერის სტატუსი დაკარგული ეგზემპლარის სტატუსი კლასიფიკაციის წყარო ან თაროზე გაწყობის სქემა დაზიანების სტატუსი არ გაიცემა მუდმივი მდებარეობა (დაცვის ადგილი) ამჟამინდელი ადგილსამყოფელი თაროზე განთავსების ადგილი შეძენის თარიღი ღირებულება, შესყიდვის ნორმალური ფასი სრული შენახვის შიფრი შტრიხკოდი ბოლო ოპერაციის თარიღი ეგზემპლარის მიმდევრობითი ნომერი (კეტერი?) ფასის ძალაში შესვლის თარიღი ეგზემპლარის სახეობა საჯარო შენიშვნა
          ბათუმის შოთა რუსთაველის სახელმწიფო უნივერსიტეტის მთავარი ბიბლიოთეკა ბათუმის შოთა რუსთაველის სახელმწიფო უნივერსიტეტის მთავარი ბიბლიოთეკა წიგნსაცავი 2019-11-14 6.00 372.3 ა-28 60218 2019-11-14 60218 2019-11-14 წიგნი 6.00